{"text_format":"3","workbook":"xlsx","n_sheets":5,"sheets":["(2)D.3单位工程投标报价汇总表","(1)E.1分部分项工程量清单计价表","Sheet1","Sheet2","Sheet3"],"read":"whole","date_system":"1900"}

{"sheet":"(2)D.3单位工程投标报价汇总表","index":0,"n_rows":66,"n_cols":4,"rows_kept":66}
[]
[null,null,"D.3 单位工程投标报价汇总表"]
[]
[]
["工程名称：迎驾厂安置区软基处理项目配套工程",null,"                标段：","第1页 共1页"]
["序号","汇总内容","金额（元）","其中：材料、设备暂估价（元）"]
["1","分部分项工程项目费",374688.8]
["1.1","  定额人工费",45356.11]
["1.2","  定额机械费",10548.43]
["1.3","  综合费",14535.39]
["2","措施项目费",3177.49]
["3","不可竞争费",7379.93]
["3.1","  安全文明施工费",7379.93]
["3.2","  工程排污费",0]
["4","其他项目",0]
["4.1","  暂列金额",0]
["4.2","  专业工程暂估价",0]
["4.3","  计日工",0]
["4.4","  总承包服务费",0]
["5","税金",34672.16]
["6","工程造价",419918.38]
[{"$nulls":3},"测评合格编号：2018JS-05【神机造价软件V60安徽版】"]
[]
[]
[]
[null,null,"D.3 单位工程投标报价汇总表"]
[]
[]
["工程名称：迎驾厂安置区软基处理项目配套工程",null,"                标段：","第1页 共1页"]
["序号","汇总内容","金额（元）","其中：材料、设备暂估价（元）"]
["1","发包人发包专业工程",0]
["2","发包人提供材料",0]
[null,"合计",0]
[{"$nulls":3},"测评合格编号：2018JS-05【神机造价软件V60安徽版】"]
[]
[]
[]
[null,null,"D.3 单位工程投标报价汇总表"]
[]
[]
["工程名称：迎驾厂安置区软基处理项目配套工程",null,"                标段：","第1页 共1页"]
["序号","汇总内容","金额（元）","其中：材料、设备暂估价（元）"]
["1","增值税",34672.16,"385246.22"]
[null,"合        计",34672.16]
[{"$nulls":3},"测评合格编号：2018JS-05【神机造价软件V60安徽版】"]
[]
[]
[]
[null,null,"D.3 单位工程投标报价汇总表"]
[]
[]
["工程名称：迎驾厂安置区软基处理项目配套工程",null,"                标段：","第1页 共1页"]
["序号","汇总内容","金额（元）","其中：材料、设备暂估价（元）"]
[null,"材料、设备暂估价",0]
[null,"专业工程暂估价+材料、设备暂估价",0]
[null,"甲供材",0]
[{"$nulls":3},"测评合格编号：2018JS-05【神机造价软件V60安徽版】"]
[]
[]
[]
[null,null,"D.3 单位工程投标报价汇总表"]
[]
[]
["工程名称：迎驾厂安置区软基处理项目配套工程",null,"                标段：","第1页 共1页"]
["序号","汇总内容","金额（元）","其中：材料、设备暂估价（元）"]
[{"$nulls":3},"测评合格编号：2018JS-05【神机造价软件V60安徽版】"]

{"sheet":"(1)E.1分部分项工程量清单计价表","index":1,"n_rows":57,"n_cols":7,"rows_kept":57,"merged":[[1,0,1,6],[5,0,7,0],[5,1,7,1],[5,2,7,2],[5,3,7,3],[5,4,7,4],[5,5,5,6],[6,5,7,5],[6,6,7,6]]}
[]
["最高限价表"]
[]
[]
["工程名称：迎驾厂苗圃软基处理项目配套劳务工程",{"$nulls":3},"                标段："]
["序号","项目名称","项目特征描述","单位","工程量","金额（元）"]
[{"$nulls":5},"最高限价（含税价）","合价"]
[]
[null,"一、地磅基础2座"]
["1","C30现浇砼引坡","砼甲供","m3",61.776,25,{"$f":"E10*F10","v":{"v":1544.4,"d":"1544.40"}}]
["2","引坡 复合木模板",null,"m2",54.912,40,2196.48]
["3","现浇构件钢筋",null,"t",0.7,4500,{"v":3150,"d":"3150.00"}]
["4","换填砂砾石","利用现场砂砾石","m3",52.99,10,{"v":529.9,"d":"529.90"}]
["5","C30现浇砼地磅底硬化","砼甲供","m2",54.6,5,{"v":273,"d":"273.00"}]
["6","混凝土垫层 复合木模板",null,"m2",2.212,40,88.48]
["7","预埋铁件",null,"t",0.341,5500,{"v":1875.5,"d":"1875.50"}]
[null,"二、冲洗池1座"]
["8","换填砂砾石","利用现场砂砾石","m3",9.6,10,{"v":96,"d":"96.00"}]
["9","混凝土基础","砼甲供","m3",5.832,25,{"v":145.8,"d":"145.80"}]
["10","基础模板",null,"m2",52.32,25,{"v":1308,"d":"1308.00"}]
["11","混凝土检查井","砼、砖、井盖甲供","座",1,680,{"v":680,"d":"680.00"}]
[null,"三、水泥砼路面"]
[12,"路基回填砂砾石","利用现场砂砾石","m3",{"$f":"110*14*0.7","v":1078},10,{"$f":"E23*F23","v":{"v":10780,"d":"10780.00"}}]
["13","路床（槽）碾压检验",null,"m2",1032.11,1,1032.11]
[14,"C30水泥混凝土路面","砼甲供","m2",1032.11,19,19610.09]
["15","模板",null,"m2",1032.11,3,3096.33]
[15,"路面刻痕",null,"m2",1032.11,2,2064.22]
["17","养生",null,"m2",1032.11,2,2064.22]
[18,"伸缩缝",null,"m2",12.901,60,774.06]
[null,"四、磅房基础"]
["19","挖沟槽土方",null,"m3",5.76,1.5,8.64]
["20","磅房砖基础","砖甲供","m3",11.52,270,{"v":3110.4,"d":"3110.40"}]
["21","磅房基础外立面抹灰",null,"m2",48,15,{"v":720,"d":"720.00"}]
["22","房心回填",null,"m3",58.432,3,{"v":175.296,"d":"175.30"}]
["23","砖砌台阶","砖甲供","m2",7.2,56,{"v":403.2,"d":"403.20"}]
["24","水泥砂浆台阶面",null,"m2",7.2,20,{"v":144,"d":"144.00"}]
["25","平整场地",null,"m2",60,1,{"v":60,"d":"60.00"}]
["26","泵房地面","砼甲供","m3",4.5,16,{"v":72,"d":"72.00"}]
[null,"五、厕所"]
["27","平整场地",null,"m2",7,1,{"$f":"E40*F40","v":{"v":7,"d":"7.00"}}]
["28","厕所地面","砼甲供","m2",7,5,{"$f":"E41*F41","v":{"v":35,"d":"35.00"}}]
[null,"六、防撞护栏"]
["29","防撞护栏","护栏甲供","项",1,500,{"v":500,"d":"500.00"}]
[null,"七、拆除及恢复工程"]
["30","人行道砖拆除",null,"m2",114,4.8,{"v":547.2,"d":"547.20"}]
["31","混凝土构件拆除",null,"m3",5.4,160,{"v":864,"d":"864.00"}]
["32","拆除侧、平(缘)石",null,"m",105,10,{"v":1050,"d":"1050.00"}]
["33","建筑垃圾外运",null,"m3",23.1,9.5,{"$f":"E48*F48","v":219.45}]
["34","花岗岩侧石（不含主材）恢复",null,"m",20,15,{"v":300,"d":"300.00"}]
["35","银杏移栽",null,"株",4,50,{"v":200,"d":"200.00"}]
["36","挖沟槽土方",null,"m3",8.75,5,43.75]
["37","回填方",null,"m3",8.681,3,{"v":26.043,"d":"26.04"}]
["38","DN300涵管",null,"m",10,75,{"v":750,"d":"750.00"}]
[null,"小   计",{"$nulls":4},{"$f":"SUM(G9:G53)","v":{"v":60544.569,"d":"60544.57"}}]
["1","安全文明施工费",null,"项",1,1582.23,{"$f":"E55*F55","v":1582.23}]
[]
[null,"总   计",{"$nulls":4},{"$f":"SUM(G54:G56)","v":{"v":62126.799,"d":"62126.80"}}]

{"sheet":"Sheet1","index":2,"n_rows":0,"n_cols":0,"rows_kept":0}

{"sheet":"Sheet2","index":3,"n_rows":0,"n_cols":0,"rows_kept":0}

{"sheet":"Sheet3","index":4,"n_rows":0,"n_cols":0,"rows_kept":0}